000 01095nac a22003137a 4500
001 BR0704701
003 BR-BrBNA
005 20240105123503.0
008 230509b bl.|||m| |||| 00| 0 por d
040 _aBR-BrBNA
_bpor
_cBiblioteca Nacional de Agricultura
072 _aK10
090 _aK10 BR0704701
100 1 _aHeiseke, D.R.
110 1 _aProjeto de Desenvolvimento e Pesquisa Florestal, Brasília, DF (Brasil)
_98062
245 1 _aEstudos de tipologias florestais de cerrado na Região Central de Minas Gerais
260 3 _aBrasília, DF (Brasil):
_c1976.
300 _a58 p.
490 _aSérie Técnica - Projeto de Desenvolvimento e Pesquisa Florestal (Brazil)
_vno. 7
_x
500 _a7 graphs.; 14 tables; Bibliography p. 52-58 (51 ref.); Summary (En, Pt); Documento microfilmado e tratado BR7305613
650 _aFLORESTA
650 _aFLORA
650 _aRECURSO NATURAL
650 _aESSÊNCIA FLORESTAL
650 _aVEGETAÇÃO
650 _aCERRADO
650 _aMINAS GERAIS
909 _a202312
_bLúcia Elande
_c55
_dLúcia Elande
942 _2AGRIS
_n0
_cMS
999 _c295690
_d295690